| 000 | 00796 a2200205 4500 | ||
|---|---|---|---|
| 999 |
_c5319 _d5319 |
||
| 020 | _a0471510009 (alk. paper) | ||
| 050 | 0 | 0 | _aQA300. BAR 1992 |
| 100 | 1 |
_aBartle, Robert Gardner, _d1927- |
|
| 245 | 1 | 0 |
_aIntroduction to real analysis / _cRobert G. Bartle, Donald R. Sherbert. |
| 250 | _a2nd ed. | ||
| 264 |
_aNew York: _bJohn Wiley., _c1992 |
||
| 300 |
_axi, 404 p. : _bill. ; |
||
| 500 | _aIncludes bibliographical references (p. 371) and index. | ||
| 504 | _aIncludes bibliographical references (p. 371) and index. | ||
| 650 | 0 | _aMathematical analysis. | |
| 650 | 0 | _aFunctions of real variables. | |
| 700 | 1 |
_aSherbert, Donald R., _d1935- |
|
| 942 |
_2lcc _cBK _h300 _iBAR _kQA |
||